| 000 | 00503nam a22001697a 4500 | ||
|---|---|---|---|
| 999 |
_c40766 _d40766 |
||
| 003 | OSt | ||
| 005 | 20200606120152.0 | ||
| 008 | 191102b ||||| |||| 00| 0 eng d | ||
| 020 | _a9788186919637 | ||
| 040 | _cMESKC library | ||
| 082 |
_a891.43915 _bTOK/I |
||
| 100 |
_910 _aToki, Rajendra |
||
| 245 |
_aIqbal : _bJeevan Aur Shayari / _cDr. Rajendra Toki |
||
| 260 |
_aDelhi : _bSahitya Bharathi, _c2012 |
||
| 300 | _a200p | ||
| 942 |
_2ddc _cBK _h891.43915 _iTOK/I _k891.43915 _mTOK/I |
||